000
00314 a2200145 4500
001
165634
020
_a
040
_c
Magnum
100
_a
Helps, Racey
240
1
0
_a
Tipinha e topinha no vale do mel
_l
por
245
1
0
_a
Tipinha e topinha no vale do mel
362
0
_a
1899
697
_a
IJ/GERAL
942
_c
BK
999
_c
165634
_d
165634